The Hiding Place (Record no. 35843)
[ view plain ]
| 000 -LEADER | |
|---|---|
| fixed length control field | 00377nam a2200169Ia 4500 |
| 020 ## - INTERNATIONAL STANDARD BOOK NUMBER | |
| ISBN | 0912376015 |
| 050 ## - CALL MARK | |
| Classification number | D 811.5 .B66/ |
| 100 ## - STATEMENT OF RESPONSIBILITY--MAIN AUTHOR NAME | |
| Personal name | Boom, Corrie ten |
| 245 #4 - TITLE STATEMENT | |
| Title | The Hiding Place |
| 260 ## - PUBLICATION, DISTRIBUTION, ETC. (IMPRINT) | |
| Place of publication | Minneapolis |
| 260 ## - PUBLICATION, DISTRIBUTION, ETC. (IMPRINT) | |
| Name of publisher | World Wild |
| 260 ## - PUBLICATION, DISTRIBUTION, ETC. (IMPRINT) | |
| Year of publication | 1971 |
| 300 ## - PHYSICAL DESCRIPTION | |
| Number of Pages | 234 p |
| 942 ## - ADDED ENTRY ELEMENTS (KOHA) | |
| Koha item type | Books |
| Withdrawn status | Lost status | Source of classification or shelving scheme | Damaged status | Not for loan | Permanent Location | Current Location | Date acquired | Accession Number | Price effective from | Koha item type |
|---|---|---|---|---|---|---|---|---|---|---|
| Library of Congress Classification | NILE UNIVERSITY OF NIGERIA - MAIN LIBRARY | NILE UNIVERSITY OF NIGERIA - MAIN LIBRARY | 04/23/2025 | 0010745 | 04/23/2025 | Books |